Viktor Stretti : seznam grafického díla /

Hlavní autor: Novák, Arthur, 1876-1957
Další autoři: Stretti, Viktor, 1878-1957
Jazyk: Čeština
Vydáno: Praha : Hollar, 1938
Témata:
Fyzický popis: 21 s. : il. ; 28 cm
Knihy
Uloženo v:
LEADER 01554nam a22003852a 4500
001 001376984
003 CZ BrMZK
005 20180202174202.0
007 ta
008 140327s1938 xr a er|||||||||||cze d
015 |a cnb002977646 
040 |a BOA001  |b cze 
072 7 |a 76  |x Grafické umění. Grafika  |2 Konspekt  |9 21 
080 |a 76  |2 MRF 
080 |a 75.071.1  |2 MRF 
080 |a (083.8)  |2 MRF 
080 |a (0.027.6)  |2 MRF 
100 1 |a Novák, Arthur,  |d 1876-1957  |7 jk01090349  |4 aut 
245 1 0 |a Viktor Stretti :  |b seznam grafického díla /  |c Arthur Novák ; litografie na obálce a dvě v textu od Viktora Strettiho 
260 |a Praha :  |b Hollar,  |c 1938 
300 |a 21 s. :  |b il. ;  |c 28 cm 
500 |a Bibliofilie 
500 |a Příloha k Sborník umění grafického Hollar, roč. XIV., sv. 2 
600 1 7 |a Stretti, Viktor,  |d 1878-1957  |7 jk01121417  |2 czenas 
650 0 7 |a grafika  |7 ph120598  |z Česko  |y 19.-20. stol.  |2 czenas 
650 0 7 |a malíři  |7 ph122596  |z Česko  |y 19.-20. stol.  |2 czenas 
655 7 |a seznamy  |7 fd133378  |z Česko  |y 20. stol.  |2 czenas 
655 7 |a bibliofilie  |7 fd131893  |2 czenas 
700 1 |a Stretti, Viktor,  |d 1878-1957  |7 jk01121417  |4 ill 
910 |a BOA001  |b Bf2-0359.487 
920 |a 001359045 
990 |a BK 
991 |b 201801 
996 6 |b 2619622093  |c Bf2-0359.487  |l Stud. starých tisků/4.patro  |r Sklad / do násl. otevíracího dne  |n 0  |w 001411905  |u 000020  |a 1  |e BOA001  |j MZK50  |s P 
996 6 |b 2619637372  |c Bf2-0359.487  |l Stud. starých tisků/4.patro  |r Sklad / do násl. otevíracího dne  |n 0  |w 001411905  |u 000010  |a 1  |e BOA001  |j MZK50  |s P